[Event "RUS-ch Seniors (Women)"]
[Site "Odintsovo"]
[Date "2011.04.20"]
[Round "2"]
[White "Onoprienko, Elena"]
[Black "Zakharova, Lidiya"]
[Result "1/2-1/2"]
[WhiteElo "1956"]
[BlackElo "1841"]
[PlyCount "85"]
[EventDate "2011.04.19"]
[EventType "swiss"]
[EventRounds "9"]
[EventCountry "RUS"]
[SourceTitle "CBM 142 Extra"]
[Source "ChessBase"]
[SourceDate "2011.06.27"]
[SourceVersion "1"]
[SourceVersionDate "2011.06.27"]
[SourceQuality "1"]

1. e4 d6 2. d4 Nf6 3. Nc3 g6 4. Bc4 Bg7 5. Nge2 Nxe4 6. Nxe4 d5 7. Bb5+ c6 8. Bxc6+ Nxc6 9. N4c3 Bf5 10. Be3 0-0 11. Ng3 Qd7 12. Nce2 Nb4 13. 0-0 Nxc2 14. Nxf5 Qxf5 15. Ng3 Nxe3 16. fxe3 Qg5 17. Rf3 e6 18. Qa4 Qe7 19. Ne2 Bh6 20. Nc3 a6 21. Qb3 b5 22. Raf1 Bg7 23. h3 h5 24. Nd1 Rac8 25. Nf2 Rc4 26. Nd3 Qd6 27. Qd1 e5 28. dxe5 Bxe5 29. b3 Rc6 30. Qd2 Kg7 31. Nf4 Bxf4 32. Rxf4 Qe5 33. Rd4 Re8 34. Re1 Rd6 35. e4 f5 36. Rd1 fxe4 37. Rxd5 Rxd5 38. Qxd5 Qxd5 39. Rxd5 Re6 40. Kf2 Kf6 41. Ke3 h4 42. b4 g5 43. a3 1/2-1/2

[Event "RUS-ch Seniors (Women)"]
[Site "Lesnoj Gorodok"]
[Date "2009.10.03"]
[Round "1"]
[White "Onoprienko, Elena"]
[Black "Yakimova, Taisia V"]
[Result "1-0"]
[WhiteElo "1977"]
[BlackElo "1550"]
[PlyCount "69"]
[EventDate "2009.10.03"]
[EventType "swiss"]
[EventRounds "9"]
[EventCountry "RUS"]
[SourceTitle "CBM 132 Extra"]
[Source "ChessBase"]
[SourceDate "2009.11.03"]
[SourceVersion "1"]
[SourceVersionDate "2009.11.03"]
[SourceQuality "1"]

1. e4 c6 2. d4 d5 3. Nc3 dxe4 4. Nxe4 e6 5. Nf3 Nf6 6. Bd3 Be7 7. 0-0 Nxe4 8. Bxe4 0-0 9. Bf4 Nd7 10. c3 Nf6 11. Bc2 h6 12. Qd3 Bd6 13. Ne5 Re8 14. Rfe1 Bxe5 15. Bxe5 g6 16. h3 b5 17. Qf3 Nd5 18. b3 Ba6 19. a4 f6 20. Bg3 f5 21. axb5 Bb7 22. bxc6 Bxc6 23. Qd3 a5 24. Be5 Kh7 25. Qg3 g5 26. h4 Rg8 27. Qf3 Qf8 28. h5 Ne7 29. Qe2 Nd5 30. g4 Nxc3 31. Qc4 Bd5 32. Qxc3 Rc8 33. Qd3 Be4 34. Rxe4 f4 35. Rxf4+ 1-0

[Event "Chigorin Memorial-B 14th"]
[Site "St Petersburg"]
[Date "2006.10.29"]
[Round "8"]
[White "Rumiantseva, Maria"]
[Black "Onoprienko, Elena"]
[Result "1-0"]
[WhiteElo "2053"]
[BlackElo "2063"]
[PlyCount "117"]
[EventDate "2006.10.23"]
[EventType "swiss"]
[EventRounds "9"]
[EventCountry "RUS"]
[SourceTitle "EXT 2007"]
[Source "ChessBase"]
[SourceDate "2006.11.23"]
[SourceVersion "1"]
[SourceVersionDate "2006.11.23"]
[SourceQuality "1"]

1. d4 e5 2. d5 Bc5 3. e4 d6 4. Bd3 Ne7 5. c4 0-0 6. Ne2 f5 7. exf5 Bxf5 8. 0-0 Nd7 9. Ng3 Bxd3 10. Qxd3 Ng6 11. Nc3 Nf4 12. Qc2 Qh4 13. Nce4 Bb6 14. b4 Bd4 15. Rb1 Nf6 16. Bxf4 exf4 17. Nf5 Qg4 18. Nxd4 f3 19. Nxf6+ Rxf6 20. Nxf3 Rxf3 21. Qe2 Rf4 22. Qxg4 Rxg4 23. c5 Rd8 24. Rfd1 Kf7 25. a3 Rg5 26. c6 bxc6 27. dxc6 Re5 28. b5 Re4 29. f3 Rc4 30. Rdc1 Ra4 31. Rb3 Re8 32. Kf2 Re5 33. Re1 Ke6 34. Rxe5+ dxe5 35. Rd3 Rd4 36. Rxd4 exd4 37. Ke2 Kd5 38. Kd3 Kc5 39. a4 Kd5 40. f4 g6 41. g4 h6 42. h4 Kc5 43. f5 gxf5 44. gxf5 Kd5 45. f6 Ke6 46. f7 Kxf7 47. Kxd4 Ke6 48. Kc5 Kf5 49. a5 Kg4 50. b6 axb6+ 51. axb6 cxb6+ 52. Kxb6 Kxh4 53. c7 Kg3 54. c8Q h5 55. Qg8+ Kh3 56. Qg1 h4 57. Qh1+ Kg3 58. Kc5 h3 59. Kd4 1-0